[Event "Speed Chess Q1 Sw"]
[Site "Chess.com INT"]
[Date "2023.08.21"]
[Round "2"]
[White "Chernomordik, Pavel"]
[Black "Hobson, Kenneth"]
[Result "1-0"]
[WhiteElo "2131"]
[BlackElo "2166"]
[PlyCount "59"]
[EventDate "2023.08.21"]
[EventType "k.o. (blitz)"]
[EventRounds "14"]
[EventCountry "USA"]
[SourceTitle "CBM 215 Extra"]
[Source "ChessBase"]
[SourceDate "2023.09.30"]
[SourceVersion "1"]
[SourceVersionDate "2023.09.30"]
[SourceQuality "1"]

1. e4 c6 2. Nc3 d5 3. Nf3 dxe4 4. Nxe4 Nf6 5. Qe2 e6 6. d4 Nbd7 7. Bf4 Nxe4 8. Qxe4 Nf6 9. Qd3 Be7 10. 0-0-0 0-0 11. Kb1 b6 12. Ne5 Bb7 13. Rg1 c5 14. Qg3 Ne4 15. Qe3 Rc8 16. Bd3 Nf6 17. dxc5 Bxc5 18. Qh3 Qe7 19. Bg5 h6 20. Bxh6 gxh6 21. Qxh6 Bxf2 22. Rgf1 Ne4 23. Rxf2 f5 24. Rf3 Rf6 25. Qf4 Qb4 26. Ka1 Bd5 27. Bxe4 Bxe4 28. Qg5+ Kf8 29. Qxf6+ Ke8 30. Qf7# 1-0

[Event "Speed Chess Q1 Sw"]
[Site "Chess.com INT"]
[Date "2023.08.21"]
[Round "11"]
[White "Joel Paul, Ganta"]
[Black "Chernomordik, Pavel"]
[Result "1-0"]
[WhiteElo "2153"]
[BlackElo "2131"]
[PlyCount "105"]
[EventDate "2023.08.21"]
[EventType "k.o. (blitz)"]
[EventRounds "14"]
[EventCountry "USA"]
[SourceTitle "CBM 215 Extra"]
[Source "ChessBase"]
[SourceDate "2023.09.30"]
[SourceVersion "1"]
[SourceVersionDate "2023.09.30"]
[SourceQuality "1"]

1. Nf3 g6 2. d4 Bg7 3. e4 d6 4. Nc3 a6 5. Be2 b5 6. a3 Bb7 7. 0-0 Nd7 8. Re1 c5 9. Be3 Qc7 10. Qd2 b4 11. Nd5 Bxd5 12. exd5 Ngf6 13. dxc5 Nxc5 14. axb4 Nce4 15. Qd1 0-0 16. Rxa6 Ng4 17. Rc6 Qb7 18. Bb6 Bxb2 19. Qd3 Nef6 20. h3 Ne5 21. Nxe5 dxe5 22. c4 e4 23. Qb3 Be5 24. c5 e3 25. fxe3 Bg3 26. Rf1 Qd7 27. Bf3 Qf5 28. e4 Qg5 29. Bc7 Be5 30. Bxe5 Qxe5 31. Re1 Ra1 32. Rxa1 Qxa1+ 33. Qd1 Qc3 34. b5 Ra8 35. Ra6 Qxc5+ 36. Kh1 Rb8 37. e5 Nd7 38. e6 Ne5 39. exf7+ Nxf7 40. Re6 Rxb5 41. d6 exd6 42. Re8+ Kg7 43. Qa1+ Qe5 44. Rxe5 Nxe5 45. Qa7+ Kf6 46. Qxh7 Rb1+ 47. Kh2 Rb2 48. Kg3 Rb3 49. Qh8+ Ke7 50. Qg7+ Ke6 51. Qg8+ Kf6 52. Qxb3 g5 53. Qd5 1-0

[Event "Speed Chess Q1 Sw"]
[Site "Chess.com INT"]
[Date "2023.08.21"]
[Round "13"]
[White "Li, Hui"]
[Black "Chernomordik, Pavel"]
[Result "0-1"]
[WhiteElo "1988"]
[BlackElo "2131"]
[PlyCount "112"]
[EventDate "2023.08.21"]
[EventType "k.o. (blitz)"]
[EventRounds "14"]
[EventCountry "USA"]
[SourceTitle "CBM 215 Extra"]
[Source "ChessBase"]
[SourceDate "2023.09.30"]
[SourceVersion "1"]
[SourceVersionDate "2023.09.30"]
[SourceQuality "1"]

1. e4 g6 2. d4 Bg7 3. Nc3 d6 4. Nf3 a6 5. Be2 b5 6. a4 b4 7. Nd5 a5 8. c3 e6 9. Ne3 Bb7 10. Qc2 bxc3 11. bxc3 Nf6 12. e5 Nfd7 13. Nc4 dxe5 14. Ncxe5 0-0 15. 0-0 Nc6 16. Nxd7 Qxd7 17. Bf4 Ba6 18. Bxa6 Rxa6 19. Rab1 Rc8 20. Rfd1 Rb6 21. Rxb6 cxb6 22. Qb3 Ne7 23. Be5 Nd5 24. c4 Nb4 25. Bxg7 Kxg7 26. h4 f6 27. c5 Qd5 28. Qxd5 Nxd5 29. cxb6 Nxb6 30. Rb1 Rc6 31. Rb5 Nc4 32. g4 Rb6 33. Rxb6 Nxb6 34. Nd2 Kf7 35. Nb3 Nc4 36. Nxa5 Nxa5 37. Kf1 Ke7 38. Ke2 Kd6 39. Kd3 Kd5 40. f3 Nc4 41. Kc3 e5 42. dxe5 fxe5 43. h5 gxh5 44. gxh5 h6 45. Kb3 Nd2+ 46. Kb4 Nxf3 47. a5 Nd4 48. a6 Nc6+ 49. Kc3 e4 50. Kd2 Kd4 51. Ke2 e3 52. Ke1 Kd3 53. Kd1 e2+ 54. Ke1 Nd4 55. a7 Nc2+ 56. Kf2 e1Q+ 0-1